[Event "Druzynowe Mistrzostwa Polski Juniorow - II liga"]
[Site "Sypniewo k. Jastrowia"]
[Date "2023-06-14"]
[Round "1.71"]
[White "Czerwinska, Oliwia"]
[Black "Wasilowska, Anna"]
[Result "1-0"]
[WhiteTitle "I"]
[BlackTitle "III"]
[WhiteElo "1431"]
[BlackElo "1252"]

1. e4 2. g6 3. d4 4. d6 5. f4 6. Bg7 7. Nc3 8. Nf6 9. Nf3 10. O-O 11. Be2 12. Nbd7
13. O-O 14. Qe8 15. e5 16. dxe5 17. fxe5 18. Nh5 19. g4 20. Ng3 21. hxg3 22. Nb6
23. Nh4 24. e6 25. Bg5 26. f5 27. exf6 28. Bh8 29. Ne4 30. Nd5 31. c4 32. Nb4
33. Qd2 34. a5 35. Bh6 36. Rf7 37. a3 38. Nc6 39. Rad1 40. b6 41. Qg5 42. Bb7
43. Nxg6 44. hxg6 45. Qxg6+ 46. Bg7 47. fxg7 48. Rxf1+ 49. Rxf1 50. Qxg6 51. Rf8+
52. Rxf8 53. gxf8=Q+ 54. Kh7 55. Nf6+ 56. Qxf6 57. Qxf6 58. Nxd4 59. Qg7# 1-0

[Event "Druzynowe Mistrzostwa Polski Juniorow - II liga"]
[Site "Sypniewo k. Jastrowia"]
[Date "2023-06-15"]
[Round "2.1"]
[White "Lechowski, Witold"]
[Black "Zalega, Maciej"]
[Result "1/2-1/2"]
[WhiteTitle "I"]
[BlackTitle "I++"]
[WhiteElo "1635"]
[BlackElo "2166"]

1. Nf3 2. Nf6 3. g3 4. g6 5. Bg2 6. Bg7 7. O-O 8. O-O 9. d4 10. d5 11. c4 12. c6
13. cxd5 14. cxd5 15. Nc3 16. Nc6 17. Ne5 18. e6 19. Nxc6 20. bxc6 21. b3 22.
Ba6 23. Ba3 24. Re8 25. Re1 26. Qa5 27. Bb2 28. Nd7 29. Rc1 30. Rac8 31. e4 32.
Qb4 33. Na4 34. dxe4 35. Bxe4 36. Bb5 37. a3 38. Qd6 39. Nc5 40. Nxc5 41. Rxc5
42. e5 43. a4 44. exd4 45. Ba3 46. Ba6 47. Bxc6 48. Rxe1+ 49. Qxe1 50. d3 51.
Bb5 52. d2 53. Rxc8+ 54. Bxc8 55. Qe8+ 56. Qf8 57. Bxf8 58. d1=Q+ 59. Bf1 60.
Bxf8 61. Qxc8 62. Qxb3 63. Qc4 64. Qd1 65. Qa6 66. Qd7 67. Qb5 68. Qc7 69. Qd5
70. Qc5 1/2-1/2

[Event "Druzynowe Mistrzostwa Polski Juniorow - II liga"]
[Site "Sypniewo k. Jastrowia"]
[Date "2023-06-15"]
[Round "2.2"]
[White "Stachecki, Mikolaj"]
[Black "Czak, Dominik"]
[Result "1-0"]
[WhiteTitle "I++"]
[BlackTitle "I"]
[WhiteElo "2016"]
[BlackElo "1583"]

1. e4 2. c6 3. d4 4. d5 5. Nc3 6. dxe4 7. Nxe4 8. Nf6 9. Nxf6+ 10. exf6 11. c3
12. Bd6 13. Bd3 14. O-O 15. Qc2 16. Re8+ 17. Ne2 18. h5 19. Be3 20. Be6 21. c4
22. Nd7 23. O-O-O 24. Nf8 25. Kb1 26. Rc8 27. a3 28. a6 29. Nc3 30. b5 31. c5
32. Bc7 33. Be4 34. Qd7 35. d5 36. cxd5 37. Nxd5 38. Bxd5 39. Rxd5 40. Qe6 41.
Bf3 42. Be5 43. Rhd1 44. g6 45. h4 46. a5 47. Bd4 48. b4 49. a4 50. Bxd4 51. R5xd4
52. b3 53. Qd3 54. Rxc5 55. Bd5 56. Qe2 57. Qxb3 58. Ne6 59. R4d2 60. Qg4 61.
Re1 62. Kg7 63. Bxe6 64. Rxe6 65. Rxe6 Qxe6 66. Qxe6 fxe6 67. b4 Rc4 68. b5 Rxa4
69. b6 Rb4+ 70. Rb2 Rxb6 71. Rxb6 g5 72. Rxe6 gxh4 73. Re4 1-0

[Event "Druzynowe Mistrzostwa Polski Juniorow - II liga"]
[Site "Sypniewo k. Jastrowia"]
[Date "2023-06-15"]
[Round "2.3"]
[White "Galla, Wiktor"]
[Black "Ratajczak, Hubert"]
[Result "1/2-1/2"]
[WhiteTitle "II"]
[BlackTitle "I"]
[WhiteElo "1479"]
[BlackElo "1958"]

1. Nf3 2. Nf6 3. c4 4. g6 5. b3 6. Bg7 7. Bb2 8. d6 9. e3 10. e5 11. d3 12. O-O
13. Be2 14. a5 15. O-O 16. c6 17. Nbd2 18. Na6 19. Rc1 20. Bf5 21. e4 22. Bg4
23. h3 24. Bxf3 25. Nxf3 26. Bh6 27. Ra1 28. c5 29. Ne1 30. Nc7 31. Nc2 32. Nfe8
33. Bc1 34. Bxc1 35. Rxc1 36. Ne6 37. Bg4 38. N8c7 39. Bxe6 40. Nxe6 41. Ne3 42.
Nd4 43. Nd5 44. Qg5 45. Kh1 46. f5 47. exf5 48. Rxf5 49. Qg4 50. Qxg4 51. hxg4
52. Rf7 53. Kh2 54. b5 55. f3 56. b4 57. Rf2 58. Ne6 59. g3 60. g5 61. Kg2 62.
Raf8 63. Rcf1 64. Rg7 65. Ne3 66. Ra7 67. Nf5 68. Rd7 69. Rh1 70. Rf6 71. Rh6
72. Rxh6 73. Nxh6+ 74. Kg7 75. Nf5+ 76. Kg6 77. Rf1 78. Ng7 79. Nxg7 80. Kxg7
81. Kf2 82. a4 83. Ke3 84. d5 85. cxd5 86. Rxd5 1/2-1/2

[Event "Druzynowe Mistrzostwa Polski Juniorow - II liga"]
[Site "Sypniewo k. Jastrowia"]
[Date "2023-06-15"]
[Round "2.4"]
[White "Prokopiuk, Jakub"]
[Black "Pelczarski, Wojciech"]
[Result "1/2-1/2"]
[WhiteTitle "I"]
[BlackTitle "II"]
[WhiteElo "1522"]
[BlackElo "1398"]

1. e4 2. e6 3. d4 4. d5 5. e5 6. c5 7. c3 8. Nc6 9. Nf3 10. Qb6 11. Bd3 12. Bd7
13. dxc5 14. Bxc5 15. O-O 16. a5 17. Qe2 18. Nge7 19. Nbd2 20. Ng6 21. Nb3 22.
Be7 23. Re1 24. O-O 25. h4 26. f5 27. exf6 28. Bxf6 29. Bxg6 30. hxg6 31. Be3
32. Qc7 33. Bc5 34. Rf7 35. Qd3 36. b6 37. Be3 38. Ne7 39. Ng5 40. Bxg5 41. Bxg5
42. Raf8 43. Re2 44. Nf5 45. Nd4 46. Qd6 47. Rae1 48. Nxd4 49. cxd4 50. Rf5 51.
Rc1 52. Kh7 53. Qc3 54. R8f7 55. a3 56. Bb5 57. Rd2 58. a4 59. b4 60. Bc4 61.
Re1 62. Rf8 63. Qe3 64. Re8 65. f4 1/2-1/2

[Event "Druzynowe Mistrzostwa Polski Juniorow - II liga"]
[Site "Sypniewo k. Jastrowia"]
[Date "2023-06-15"]
[Round "2.5"]
[White "Janikowska, Wiktoria"]
[Black "Goraj, Barbara"]
[Result "0-1"]
[WhiteTitle "I+"]
[BlackTitle "WCM"]
[WhiteElo "1636"]
[BlackElo "2176"]

1. d4 2. d5 3. Nf3 4. Nf6 5. g3 6. e6 7. Bg2 8. c5 9. c3 10. Nc6 11. O-O 12. Bd6
13. Nbd2 14. b6 15. Re1 16. Bb7 17. b3 18. O-O 19. Bb2 20. Rc8 21. a3 22. Qe7
23. c4 24. cxd4 25. cxd5 26. Nxd5 27. Nxd4 28. Nxd4 29. Bxd4 30. Bxa3 31. e4 32.
Nc7 33. Qg4 34. f6 35. Nc4 36. Bb4 37. Red1 38. Nb5 39. Bb2 40. Rcd8 41. Qe2 42.
Rxd1+ 43. Rxd1 44. Rd8 45. Rxd8+ 46. Qxd8 47. h4 48. Nc3 49. Bxc3 50. Bxc3 51.
Qg4 52. Bc8 53. Qf3 54. Bd4 55. h5 56. b5 57. Ne3 58. h6 59. Ng4 60. a5 61. Qd3
62. Qb6 63. Bf1 64. Bd7 65. Qd2 66. Be8 67. Be2 68. Kf8 69. Ne3 70. a4 71. Qb4+
72. Qc5 73. Qxc5+ 74. Bxc5 75. bxa4 76. Bxe3 77. fxe3 bxa4 78. g4 79. e5 80. Bd3
81. a3 82. Bb1 83. Bd7 84. Kf2 85. Bxg4 0-1

[Event "Druzynowe Mistrzostwa Polski Juniorow - II liga"]
[Site "Sypniewo k. Jastrowia"]
[Date "2023-06-15"]
[Round "2.7"]
[White "Kolodziejski, Piotr"]
[Black "Stepinski, Piotr"]
[Result "0-1"]
[WhiteTitle "k"]
[BlackTitle "I"]
[WhiteElo "2049"]
[BlackElo "1845"]

1. e4 2. c6 3. d4 4. d5 5. Nc3 6. dxe4 7. Nxe4 8. Nf6 9. Nxf6+ 10. exf6 11. c3
12. Bd6 13. Bd3 14. O-O 15. Qc2 16. Re8+ 17. Ne2 18. h5 19. Bd2 20. Nd7 21. O-O-O
22. Nf8 23. Kb1 24. g6 25. Rhe1 26. Be6 27. Nf4 28. f5 29. g3 30. a5 31. Bf1 32.
Bxf4 33. Bxf4 34. Bd5 35. Qd2 36. Qd7 37. Be5 38. f6 39. Bf4 40. Rxe1 41. Rxe1
42. Re8 43. Rc1 44. Bf7 45. Bg2 46. b5 47. h4 48. Ne6 49. Be3 50. Nc7 51. Qd1
52. Nd5 53. Bd2 54. Nb6 55. Bf4 56. a4 57. Bf1 58. Nc4 59. Bxc4 60. Bxc4 61. b3
62. axb3 63. axb3 64. Bf7 65. Kb2 66. Qd5 67. Be3 68. Ra8 69. Bf4 70. Kg7 71.
Qc2 72. c5 73. Rd1 74. cxd4 75. Rxd4 76. Qe6 77. Rd6 78. Qe7 79. Kc1 80. Ra1+
81. Kd2 82. Qe1+ 0-1

[Event "Druzynowe Mistrzostwa Polski Juniorow - II liga"]
[Site "Sypniewo k. Jastrowia"]
[Date "2023-06-15"]
[Round "2.8"]
[White "Haladaj, Adam"]
[Black "Kejna, Piotr"]
[Result "0-1"]
[WhiteTitle "I"]
[BlackTitle "CM"]
[WhiteElo "1620"]
[BlackElo "1991"]

1. e4 2. e6 3. d4 4. d5 5. Nd2 6. Be7 7. Ngf3 8. Nf6 9. Bd3 10. c5 11. e5 12. Nfd7
13. c3 14. Nc6 15. Qe2 16. a5 17. O-O 18. g5 19. h3 20. h5 21. g4 22. a4 23. Kg2
24. Qa5 25. a3 26. b6 27. Re1 28. Bb7 29. Nf1 30. O-O-O 31. Bd2 32. c4 33. Bc2
34. Rdg8 35. Ng3 36. h4 37. Nh5 38. b5 39. Nh2 40. Qc7 41. Rf1 42. Ncxe5 43. dxe5
44. Nxe5 45. f3 46. Bd6 47. Rh1 48. f5 49. Rae1 50. Bc6 51. Bc1 52. Kb8 53. Bb1
54. Rxh5 55. gxh5 56. d4 57. cxd4 58. g4 59. hxg4 60. fxg4 61. Kf1 62. Nxf3 63.
Nxf3 64. Bxf3 65. Qxe6 66. Rf8 67. Kg1 68. Bh2+ 69. Rxh2 70. Qg3+ 71. Kf1 72.
Bg2+ 73. Ke2 74. Rf2+ 75. Kd1 76. Qb3+ 0-1

[Event "Druzynowe Mistrzostwa Polski Juniorow - II liga"]
[Site "Sypniewo k. Jastrowia"]
[Date "2023-06-15"]
[Round "2.9"]
[White "Komendecki, Antoni"]
[Black "Gawlik, Olivier"]
[Result "1-0"]
[WhiteTitle "I++"]
[BlackTitle "II+"]
[WhiteElo "1965"]
[BlackElo "1530"]

1. e4 2. e5 3. Nf3 4. Nc6 5. g3 6. Nf6 7. d3 8. d5 9. exd5 10. Nxd5 11. Bg2 12.
Be7 13. O-O 14. O-O 15. Re1 16. f6 17. d4 18. exd4 19. Nxd4 20. Nxd4 21. Qxd4
22. Nb6 23. Qe4 24. Bd6 25. Bf4 26. f5 27. Qf3 28. Qf6 29. Nc3 30. c6 31. Rad1
32. Bxf4 33. Qxf4 34. Be6 35. Na4 36. Nxa4 37. Qxa4 38. Rfe8 39. Rd6 40. a6 41.
Bf1 42. Qf7 43. Rdxe6 44. Rxe6 45. Rxe6 1-0

[Event "Druzynowe Mistrzostwa Polski Juniorow - II liga"]
[Site "Sypniewo k. Jastrowia"]
[Date "2023-06-15"]
[Round "2.10"]
[White "Skrzypiec, Franciszek"]
[Black "Kawulski-chodkiewicz, Alexander"]
[Result "0-1"]
[WhiteTitle "II"]
[BlackTitle "I"]
[WhiteElo "1230"]
[BlackElo "1697"]

1. e4 2. e6 3. d4 4. d5 5. Nd2 6. Nf6 7. Bd3 8. c5 9. c3 10. Nc6 11. Ngf3 12. Be7
13. e5 14. Nd7 15. Qe2 16. g5 17. h3 18. h5 19. Bc2 20. cxd4 21. cxd4 22. Nb4
23. Bb3 24. b6 25. Qe3 26. Ba6 27. a3 28. Nd3+ 29. Kd1 30. Nf4 31. Rh2 32. Rc8
33. Nb1 34. Be2+ 35. Kd2 36. Bxf3 37. Qxf3 38. b5 39. Nc3 40. b4 41. axb4 42.
Bxb4 43. Rxa7 44. Qb6 45. Rxd7 46. Kxd7 47. g3 48. Qxd4+ 49. Kc2 50. Bxc3 51.
bxc3 52. Ng6 53. Qxf7+ 54. Ne7 55. Bb2 56. Qe4+ 57. Kd2 58. Rhf8 59. Qg7 60. Rb8
61. Ba3 62. Rfe8 63. f3 64. Qg6 65. Ba4+ 66. Kc7 67. Qf6 68. Qxf6 69. exf6 70.
Nc6 71. f7 72. Rf8 73. Bxf8 74. Rxf8 75. Re2 76. Nd8 77. Be8 78. Kd6 79. f4 80.
gxf4 81. gxf4 82. Nxf7 83. Bxf7 84. Rxf7 85. Re5 86. h4 87. Ke3 88. Rc7 89. Kd3
90. Rc4 91. Rh5 92. Rxf4 93. Kd2 94. Kc5 95. Re5 96. Kd6 97. Rh5 98. Re4 99. Kd3
100. Ke7 101. Rh6 102. Kf7 103. Rh7+ 104. Kg6 105. Rc7 106. Kf5 107. Rf7+ 108.
Ke5 109. Rh7 110. Kf6 111. Rc7 112. Kg5 113. Rf7 114. Rf4 115. Rg7+ 116. Kf6 117.
Rh7 118. Rf3+ 119. Kd4 120. Rxh3 121. Rh6+ 122. Ke7 123. Ke5 124. Re3+ 125. Kd4
126. Re4+ 127. Kd3 128. Kf7 129. Rh8 130. Kg6 131. Rg8+ 132. Kf5 133. Rf8+ 134.
Kg4 135. Rg8+ 136. Kf3 137. Rf8+ 138. Kg3 139. Rg8+ 140. Rg4 141. Re8 142. Rg6
0-1

[Event "Druzynowe Mistrzostwa Polski Juniorow - II liga"]
[Site "Sypniewo k. Jastrowia"]
[Date "2023-06-15"]
[Round "2.11"]
[White "Romejko, Jagoda"]
[Black "Banasiak, Adrianna"]
[Result "1/2-1/2"]
[WhiteTitle "I"]
[BlackTitle "I"]
[WhiteElo "1525"]
[BlackElo "1507"]

1. e4 2. c5 3. Nf3 4. Nc6 5. d4 6. cxd4 7. Nxd4 8. g6 9. c4 10. Bg7 11. Be3 12.
Nf6 13. Nc3 14. Ng4 15. Qxg4 16. Nxd4 17. Qd1 18. e5 19. Be2 20. O-O 21. O-O 22.
d6 23. Qd2 24. Be6 25. Rac1 26. Re8 27. Rfd1 28. f5 29. exf5 30. Nxf5 31. Nb5
32. Nxe3 33. Qxe3 34. a6 35. Nxd6 36. Rf8 37. Nxb7 38. Qf6 39. Bf3 40. Rab8 41.
b3 42. Bc8 43. Nc5 44. Qb6 45. Rd5 46. Be6 47. Nxe6 48. Qxe6 49. Rcd1 50. Qb6
51. Qxb6 52. Rxb6 53. Rd6 54. Rfb8 55. h3 56. Bf8 57. Rd7 58. Bc5 59. R1d5 60.
Bd4 61. Rc7 62. Rf6 63. Rdd7 64. e4 65. Bxe4 66. Bxf2+ 67. Kh2 68. Bb6 69. Rg7+
70. Kf8 71. Rcd7 72. Rd8 73. Rb7 74. Rb8 75. Rxh7 76. Rxb7 77. Rxb7 78. Bc5 79.
Bf3 80. a5 81. Kg3 82. Rd6 83. Kg4 84. Be3 85. Bd5 86. Rf6 87. Bf3 88. Rf4+ 89.
Kg3 90. Rd4 91. Rb5 92. Bf4+ 93. Kg4 94. Bd2+ 95. Kg3 96. Bf4+ 97. Kf2 98. Rd2+
99. Be2 100. Rxa2 101. Kf3 102. Bd2 103. c5 104. Bb4 105. c6 106. Bd6 107. Rb7
108. Ke8 109. Bd3 110. Ra3 111. Bxg6+ 112. Kf8 113. Kg4 114. Ra2 115. Be4 116.
a4 117. bxa4 118. Rxa4 119. Kf5 120. Rc4 121. Rd7 122. Bg3 123. Rd3 124. Rc5+
125. Rd5 126. Rc1 127. Bf3 128. Ke7 129. Rd7+ 130. Kf8 131. Kf6 132. Bh4+ 133.
Ke6 134. Bg3 135. Rd8+ 136. Kg7 137. Rd4 138. Kf8 139. Kf5 140. Rc5+ 141. Kg4
142. Bc7 143. h4 144. Bb6 145. Rb4 146. Bc7 147. h5 148. Bd6 149. Ra4 150. Kg7
151. Be4 152. Kh6 153. Ra7 154. Rg5+ 155. Kf3 156. Rg3+ 157. Ke2 158. Kxh5 159.
c7 160. Rc3 161. Bf3+ 162. Kg5 163. Ra5+ 164. Kf6 165. Ra6 166. Ke7 167. Rc6 168.
Rxc6 169. Bxc6 170. Bxc7 1/2-1/2

[Event "Druzynowe Mistrzostwa Polski Juniorow - II liga"]
[Site "Sypniewo k. Jastrowia"]
[Date "2023-06-15"]
[Round "2.12"]
[White "Grad, Barbara"]
[Black "Miklosz, Malgorzata"]
[Result "0-1"]
[WhiteTitle "II"]
[BlackTitle "I"]
[WhiteElo "1161"]
[BlackElo "1299"]

1. e4 2. c5 3. Nf3 4. e6 5. c3 6. d5 7. Bd3 8. Nf6 9. e5 10. Nfd7 11. O-O 12. Nc6
13. Bb5 14. Be7 15. d4 16. O-O 17. Re1 18. Qb6 19. Bxc6 20. bxc6 21. Nbd2 22.
Ba6 23. Nb3 24. Rab8 25. Qc2 26. h6 27. Rb1 28. Bb5 29. Nbd2 30. Qa6 31. Ra1 32.
Bd3 33. Qd1 34. cxd4 35. cxd4 36. Bb4 37. Re3 38. c5 39. Nb3 40. c4 41. a3 42.
Be7 43. Nbd2 44. Rfc8 45. Ne1 46. Bg6 47. Nef3 48. Rb7 49. Nb1 50. Qb6 51. Nc3
52. Nb8 53. Na4 54. Qb5 55. Nd2 56. Nc6 57. b3 58. Bg5 59. bxc4 60. dxc4 61. Rc3
62. Nxd4 63. Nb2 64. Bxd2 65. Qxd2 66. Nb3 67. Rxb3 68. Qxb3 69. Nd1 70. c3 71.
Qe2 72. c2 73. Nb2 74. Rd7 75. h3 76. Rcd8 77. Kh2 78. Qc3 79. Nc4 80. Qxa1 0-1

[Event "Druzynowe Mistrzostwa Polski Juniorow - II liga"]
[Site "Sypniewo k. Jastrowia"]
[Date "2023-06-15"]
[Round "2.13"]
[White "Szymkiewicz, Witold"]
[Black "Rychlik, Michal"]
[Result "1-0"]
[WhiteTitle "I+"]
[BlackTitle "I"]
[WhiteElo "1820"]
[BlackElo "1839"]

1. d4 2. d5 3. c4 4. c6 5. Nc3 6. Nf6 7. Nf3 8. e6 9. Bg5 10. dxc4 11. a4 12. Bb4
13. Qc2 14. Qa5 15. Bxf6 16. gxf6 17. e3 18. b5 19. Be2 20. Bxc3+ 21. bxc3 22.
Bb7 23. O-O 24. Qc7 25. Nd2 26. Nd7 27. f4 28. a6 29. f5 30. c5 31. fxe6 32. fxe6
33. Ne4 34. Ke7 35. axb5 36. axb5 37. Rxa8 38. Bxa8 39. Qb1 40. Bxe4 41. Qxe4
42. Qd6 43. Rb1 44. Qa6 45. Bg4 46. h5 47. Qg6 48. Rf8 49. Bxh5 50. f5 51. Qg7+
52. Kd8 53. dxc5 54. Kc7 55. Rd1 56. Rd8 57. Bf3 58. Kc8 59. Qe7 60. Qa5 61. c6
1-0

[Event "Druzynowe Mistrzostwa Polski Juniorow - II liga"]
[Site "Sypniewo k. Jastrowia"]
[Date "2023-06-15"]
[Round "2.14"]
[White "Haluja, Wiktor"]
[Black "Wieckowski, Michal"]
[Result "1-0"]
[WhiteTitle "II+"]
[BlackTitle "I"]
[WhiteElo "1573"]
[BlackElo "1612"]

1. e4 2. c5 3. Nf3 4. Nc6 5. d4 6. cxd4 7. Nxd4 8. Nf6 9. Nc3 10. e5 11. Ndb5 12.
d6 13. Bg5 14. a6 15. Na3 16. b5 17. Bxf6 18. gxf6 19. Nd5 20. Be6 21. c3 22.
Bg7 23. Nc2 24. Rb8 25. Nce3 26. O-O 27. Bd3 28. b4 29. Bxa6 30. bxc3 31. bxc3
32. Qa5 33. Bc4 34. Qc5 35. O-O 36. Rb7 37. Qa4 38. Na5 39. Bb3 40. Bd7 41. Qb4
42. Rxb4 43. cxb4 44. Qd4 45. bxa5 Qxe4 46. a6 47. Bb5 48. Rfd1 49. Bxa6 50. f3
51. Qh4 52. Nf5 53. Qg5 54. h4 55. Qh5 56. g4 57. Qg6 58. Nde7+ 1-0

[Event "Druzynowe Mistrzostwa Polski Juniorow - II liga"]
[Site "Sypniewo k. Jastrowia"]
[Date "2023-06-15"]
[Round "2.15"]
[White "Krogulski, Maksymilian"]
[Black "Majcher, Igor"]
[Result "0-1"]
[WhiteTitle "I"]
[BlackTitle "I"]
[WhiteElo "1467"]
[BlackElo "1732"]

1. e4 2. c5 3. Nf3 4. d6 5. c3 6. Nf6 7. h3 8. Nc6 9. Bd3 10. d5 11. e5 12. Nd7
13. Bb5 14. Qb6 15. Ba4 16. c4 17. d4 18. cxd3 19. Qxd3 20. Nc5 21. Bxc6+ 22.
Qxc6 23. Qe2 24. b6 25. b4 26. Ba6 27. Nd4 28. Qg6 29. Qf3 30. Nd3+ 31. Kd1 32.
e6 33. g4 34. Nxe5 35. Qe3 36. Qd3+ 37. Qxd3 38. Bxd3 39. Bf4 40. Ng6 41. Bg3
42. Be7 43. Nd2 44. h5 45. gxh5 46. Rxh5 47. Kc1 48. Rc8 49. Kb2 50. Bf6 51. Rac1
52. Kd7 53. a3 54. Rch8 55. Rh2 56. Rxh3 57. Rxh3 Rxh3 58. a4 59. e5 60. Nb5 61.
a6 62. Na3 63. e4 64. Nb3 65. Be5 66. Bxe5 67. Nxe5 68. Rd1 69. Rh2 70. Rg1 71.
Rxf2+ 72. Ka1 73. e3 74. Nc1 75. e2 76. Nxd3 77. Nxd3 78. Rxg7 79. e1=Q+ 80. Nb1
81. Ra2+ 82. Kxa2 83. Qe2+ 84. Nd2 85. Qxd2+ 86. Kb3 87. Qb2# 0-1

[Event "Druzynowe Mistrzostwa Polski Juniorow - II liga"]
[Site "Sypniewo k. Jastrowia"]
[Date "2023-06-15"]
[Round "2.16"]
[White "Bilochenko, Matvii"]
[Black "Klask, Franciszek"]
[Result "1-0"]
[WhiteTitle "II+"]
[BlackTitle "II"]
[WhiteElo "1438"]
[BlackElo "1302"]

1. d4 2. Nf6 3. Nf3 4. d5 5. e3 6. Bg4 7. h3 8. Bxf3 9. Qxf3 10. e6 11. c4 12.
c6 13. Nc3 14. Be7 15. Be2 16. O-O 17. O-O 18. Nbd7 19. Rd1 20. Qc7 21. e4 22.
dxe4 23. Nxe4 24. Nxe4 25. Qxe4 26. Nf6 27. Qf3 28. c5 29. dxc5 30. Bxc5 31. b3
32. Rfe8 33. Bg5 34. e5 35. Bxf6 36. gxf6 37. Qg4+ 38. Kh8 39. Qf5 40. Rg8 41.
Bd3 42. Rg7 43. Be4 44. Bd4 45. Rac1 46. Rag8 47. Qxf6 48. Qb6 49. Qxb6 50. axb6
51. Bxb7 52. f5 53. Bd5 54. Rf8 55. Kf1 56. Bc5 57. Rb1 58. Bb4 59. Rb2 60. Re8
61. Re2 62. Ree7 63. a3 64. Bc5 65. b4 66. Bd4 67. f4 68. h6 69. fxe5 70. Bxe5
71. Rde1 72. Bf6 73. Rxe7 74. Rxe7 75. Rxe7 76. Bxe7 77. Ke2 78. Kg7 79. Ke3 80.
Bg5+ 81. Kd3 82. Kf6 83. a4 84. Ke5 85. a5 86. bxa5 87. bxa5 88. Bd8 89. a6 90.
Bb6 91. Kc3 92. Kd6 93. Kb4 94. Ba7 95. Kc3 96. Ke5 97. Kd3 98. Kf4 99. c5 100.
Bxc5 101. Kc4 102. Bg1 103. Kb5 104. Kg3 105. Bf3 1-0

[Event "Druzynowe Mistrzostwa Polski Juniorow - II liga"]
[Site "Sypniewo k. Jastrowia"]
[Date "2023-06-15"]
[Round "2.17"]
[White "Czarkowska, Dalia"]
[Black "Lopusiewicz, Marta"]
[Result "0-1"]
[WhiteTitle "I"]
[BlackTitle "II+"]
[WhiteElo "1253"]
[BlackElo "1153"]

1. d4 2. Nf6 3. Nf3 4. e6 5. g3 6. d5 7. Bg2 8. h6 9. O-O 10. Bd6 11. c4 12. O-O
13. Qc2 14. b6 15. Nbd2 16. Bb7 17. c5 18. bxc5 19. dxc5 20. Be7 21. b4 22. a5
23. b5 24. c6 25. a4 26. Nfd7 27. Nb3 28. cxb5 29. axb5 30. a4 31. Nbd4 32. Nxc5
33. Ba3 34. Qc7 35. Rfc1 36. Rc8 37. Qb2 38. Nbd7 39. Rc2 40. Nb6 41. Nd2 42.
Qd8 43. Rac1 44. Nbd7 45. f4 46. Qb6 47. Kh1 48. Bf8 49. Rc3 50. f6 51. Bh3 52.
e5 53. fxe5 54. fxe5 55. Nc6 56. Bxc6 57. bxc6 58. Qxb2 59. Bxb2 60. Rxc6 61.
Bxd7 62. Rb6 63. Ba3 64. Nxd7 65. Bxf8 66. Kxf8 67. Ra1 68. Ke7 69. e4 70. d4
71. Rc4 72. a3 73. Rc2 74. Kd6 75. Nc4+ 76. Kc5 77. Nxb6+ 78. Kxb6 79. Rca2 80.
Nc5 81. Rxa3 82. Rxa3 83. Rxa3 84. Nxe4 85. Kg2 86. Nc3 87. Kf2 88. Kc5 89. Ra1
90. e4 91. Ke1 92. e3 93. Rc1 94. Kc4 95. Rc2 96. d3 97. Rg2 98. Kd4 99. h4 100.
d2+ 101. Rxd2+ 102. exd2+ 103. Kxd2 104. Ne4+ 105. Ke2 106. Nxg3+ 107. Kf3 108.
Nf5 109. Kg4 110. Ke5 111. Kh5 112. Kf6 113. Kg4 114. Ne3+ 115. Kf4 116. Kg6 117.
Kxe3 118. Kh5 119. Kf3 120. Kxh4 121. Kg2 122. g5 123. Kh2 124. g4 125. Kg2 126.
h5 127. Kh2 128. g3+ 129. Kg2 130. Kg4 131. Kg1 132. h4 133. Kh1 134. h3 135.
Kg1 136. Kf4 137. Kf1 138. Ke3 139. Kg1 140. Kf3 141. Kh1 142. Ke2 143. Kg1 144.
Ke1 145. Kh1 146. g2+ 147. Kg1 148. Ke2 149. Kh2 150. Kf1 151. Kg3 152. g1=Q+
0-1

[Event "Druzynowe Mistrzostwa Polski Juniorow - II liga"]
[Site "Sypniewo k. Jastrowia"]
[Date "2023-06-15"]
[Round "2.18"]
[White "Michalska, Lena"]
[Black "Walewska, Natalia"]
[Result "0-1"]
[WhiteTitle "I"]
[BlackTitle "I"]
[WhiteElo "1461"]
[BlackElo "1267"]

1. Nf3 2. d5 3. e3 4. Nf6 5. b3 6. e6 7. Bb2 8. Be7 9. d4 10. O-O 11. Bd3 12. b6
13. O-O 14. Bb7 15. Nbd2 16. Nbd7 17. Rc1 18. Rc8 19. Qe2 20. c5 21. c4 22. Rc7
23. Ne5 24. Nxe5 25. dxe5 26. dxc4 27. bxc4 28. Nd7 29. Ne4 30. Nb8 31. Rcd1 32.
Rd7 33. Bc2 34. Qc7 35. Nf6+ 36. Bxf6 37. exf6 38. g6 39. Qg4 40. Rxd1 41. Qg5
42. Rxf1+ 43. Kxf1 44. Qxh2 45. e4 46. Qh1+ 47. Ke2 48. Qh5+ 49. Qxh5 50. gxh5
51. Kf3 52. Kh8 53. Kg3 54. Rg8+ 55. Kh3 56. Nd7 57. Ba4 58. Rd8 59. Bc3 60. Bxe4
61. f3 62. Bg6 0-1

[Event "Druzynowe Mistrzostwa Polski Juniorow - II liga"]
[Site "Sypniewo k. Jastrowia"]
[Date "2023-06-15"]
[Round "2.19"]
[White "Jendrowiak, Maciej"]
[Black "Wolak, Maciej"]
[Result "1-0"]
[WhiteTitle "I"]
[BlackTitle "II"]
[WhiteElo "1892"]
[BlackElo "1317"]

1. e4 2. c5 3. Nf3 4. d6 5. c3 6. g6 7. d4 8. cxd4 9. cxd4 10. Bg7 11. Nc3 12.
Nf6 13. Be2 14. O-O 15. O-O 16. Bg4 17. h3 18. Bxf3 19. Bxf3 20. Nc6 21. Be3 22.
Rc8 23. Be2 24. a6 25. d5 26. Ne5 27. Qb3 28. b5 29. a4 30. bxa4 31. Rxa4 32.
Rb8 33. Qa2 34. a5 35. Nb5 36. Ned7 37. f3 38. Nh5 39. Kh2 40. Ra8 41. f4 42.
Nhf6 43. Na7 44. Nc5 45. Nc6 46. Qd7 47. Bxc5 48. dxc5 49. e5 50. Ne8 51. Bf3
52. Rc8 53. Rxa5 54. e6 55. Ra7 56. Rc7 57. Rxc7 58. Nxc7 59. d6 60. Nb5 61. Qa4
62. Nxd6 63. Rd1 64. Qb7 65. exd6 66. Qxb2 67. d7 68. Bf6 69. d8=Q 70. Bxd8 71.
Rxd8 72. Rxd8 73. Nxd8 1-0

[Event "Druzynowe Mistrzostwa Polski Juniorow - II liga"]
[Site "Sypniewo k. Jastrowia"]
[Date "2023-06-15"]
[Round "2.20"]
[White "Khimichenko, Dmytro"]
[Black "Wierzbicki, Dawid"]
[Result "0-1"]
[WhiteTitle "I"]
[BlackTitle "I"]
[WhiteElo "1457"]
[BlackElo "1762"]

1. b3 2. Nf6 3. Bb2 4. b6 5. e3 6. Bb7 7. f4 8. d6 9. Nf3 10. Nbd7 11. d3 12. g6
13. c4 14. Bg7 15. Be2 16. O-O 17. Qd2 18. Re8 19. O-O 20. e5 21. fxe5 22. dxe5
23. Ne1 24. Qe7 25. Nc3 26. Rad8 27. Nc2 28. Bh6 29. Qe1 30. Nc5 31. Rd1 32. Nfd7
33. b4 34. Ne6 35. Nd5 36. Bxd5 37. cxd5 38. Ng7 39. Qf2 40. Rf8 41. Ba3 42. b5
43. Bb2 44. f5 45. d4 46. e4 47. Bxb5 48. Nb6 49. Qg3 50. Nxd5 51. Bc4 52. Kh8
53. b5 54. Rfe8 55. Ba3 56. Qg5 57. Qxg5 58. Bxg5 59. Bxd5 60. Rxd5 61. Bc5 62.
Ne6 63. Bxa7 64. Rxb5 65. d5 66. Ra5 67. Bd4+ 68. Nxd4 69. Rxd4 70. Rxa2 71. Rc4
72. Rd8 73. Rc5 74. Rd7 75. Rb1 76. Be7 77. Rc3 78. Ra5 79. Rd1 80. Bc5 81. Rb3
82. c6 83. Nb4 84. Bxb4 85. Rxb4 86. Raxd5 87. Rxd5 88. cxd5 89. Rd4 90. Kg7 91.
Kf2 92. Kf6 93. g3 94. Ke5 95. h4 96. h6 97. Ke2 98. g5 99. hxg5 100. hxg5 101.
Ra4 102. Rb7 103. Ra8 104. Rb2+ 105. Kf1 106. f4 107. gxf4+ 108. gxf4 109. Re8+
110. Kf5 111. Rf8+ 112. Ke5 113. Re8+ 114. Kd6 115. exf4 116. Kc5 117. f5 118.
Kd4 119. Rh8 120. e3 121. Ra8 122. Rf2+ 123. Ke1 124. Rxf5 125. Ra4+ 126. Kd3
127. Ra3+ 128. Ke4 129. Ke2 130. d4 131. Ra4 132. Rf2+ 133. Ke1 134. Rb2 135.
Ra8 136. Rb1+ 137. Ke2 138. d3# 0-1